000
00316nam a22001457a 4500
008
210426b ||||| |||| 00| 0 eng d
020
_a
9780135137666
041
_a
eng
080
_2
5th
_a
004
082
_a
004
100
_a
28
101
_a
SHKI
245
_a
Technology un Action
_c
Alan Evans
942
_2
udc
_c
BK
999
_c
56789
_d
56789